000 00707nam a2200241Ia 4500
003 OSt
005 20220925210301.0
006 a|||||r|||| 00| 0
007 ta
008 220923b |||||||| |||| 00| 0 eng d
037 _cGeneral Book
040 _aRTL
_cRTL
_beng
041 _2eng
_aeng
082 _aX:576, L3;N0/TD3
100 _aCaves Richard E, and others
_9272227
245 0 _aWorld trade and payments
_b An introduction.
250 _a5
260 _aIllinois
_bScott Foresman and Company
_c1990
300 _a784p.
_ccm.
650 _aBalance of Payment
942 _hX:576, L3;N0/TD3
_cGB
_2CC
999 _c554605
_d554605